000 00914nam a2200265Ia 4500
003 OSt
005 20220923215729.0
006 a|||||r|||| 00| 0
007 ta
008 220922b |||||||| |||| 00| 0 hin d
020 _c3.5
024 _a181,291
037 _cTextual
040 _aARTS
_cARTS
_bhin
041 _2hin
_ahin
082 _aO152,1N315x, K3
100 _aमालवीय, उमाकांत
_9156271
245 0 _aमेंहदी और महावर
_b कविता संग्रह
246 _aMeanhadī aur hināvara: kavitā sangraha
260 _aइलाहाबाद
_b साहित्य भवन प्रा0 लि0
_c1963
300 _a105 पृ.
_ccm.
650 _aहिन्दी साहित्य
_9156264
942 _hO152,1N315x, K3
_cTEXL
_2CC
999 _c334668
_d334668